Dášenka sa stratila

Bibliographic Details
Other Authors: Camm, Sue (Illustrator)
Format: Book
Language:Slovak
English
PhysicalDescription:[10] s. 17 cm
Published: Skalica Grafobal 1995
ISBN:8085483556
Series:Čítaj mi
Subjects:

MARC

LEADER 00000cam a2200000 a 4500
001 vtls001079343
003 SK-MaSNL
005 20260331202747.0
008 160318s1995 xo a ar 0 00j slo
015 |a SNBA1996/0100134 
020 |a 8085483556 
035 |a SNK000022180 
040 |a SNK  |b slo  |c SNK  |e AACR2 
041 1 |a slo  |h eng 
044 |a xo  |c SK 
080 |a 820-3(087.5)  |2 1981 
100 1 |a Camm, Sue  |4 ill  |9 244624 
245 0 |a Dášenka sa stratila  |c Sue Camm 
260 |a Skalica  |b Grafobal  |c 1995 
300 |a [10] s.  |c 17 cm 
490 1 |a Čítaj mi 
655 7 |a anglické rozprávky  |2 SNKPH  |9 70609 
655 7 |a autorské rozprávky  |2 SNKPH  |9 70727 
655 7 |a leporelá  |2 SNKPH  |9 60414 
655 7 |a literatúra pre deti  |2 SNKPH  |9 87135 
830 0 |a Čítaj mi  |9 450123 
852 |a Slovenská národná knižnica 
919 |a 80-85483-55-6 
954 |a ilustrované knihy, leporelá, komiksy cudzojazyčné (svetové)  |2 lita 
958 |a TL 
958 |a LX 
958 |a UP 
958 |a DB 
958 |a GB 
999 |c 1135239  |d 1137169 
952 |t P60, <09>, [BOOK], {629}  |a SNK  |b SNK  |y NEVYP  |7 0  |o snkD 388  |i snk3905/951116  |0 0  |1 0  |4 0  |d 1995-11-15  |l 0  |r 2004-12-31 00:00:00  |w 2026-02-24 
952 |t P60, <03>, [BOOK], {603}  |a SNK  |b SNK  |y PREZ  |7 0  |o snkSD 67374  |i snkKSP 9510/95  |0 0  |1 0  |4 0  |d 1995-11-15  |l 0  |r 2004-12-31 00:00:00  |w 2026-02-24 
952 |t P60, <05>, [BOOK], {605}  |a SNK  |b SNK  |y PREZ  |7 0  |p 17A0170731  |o snkSD 67374 D1  |i snkKSP 10295/95  |0 0  |1 0  |4 0  |d 1995-12-07  |l 0  |r 2004-12-31 00:00:00  |w 2026-02-24 
952 |a SNK  |b SNK  |y PREZ  |7 0  |p 17A1051241  |o snkSD 67374   |0 0  |1 0  |4 0  |d 2013-07-16  |l 0  |r 2026-02-24 19:16:44  |w 2026-02-24